00383nam a2200157 a 450000100060000000300090000600800410001502000150005604000280007108200190009910000210011824500210013926000320016030000110019265000220020317108CO-ViMGA141112s2004 ck r 000 u spa d a9586148327 aCO-ViMGAbspacCO-ViMGA04aCo863.44 S377p1 aSerrano, Enrique10aDe parte de Dios aBogotá, cPlaneta, c2000 a248.p.14aNOVELA COLOMBIANA